Honduras camina a elecciones: en medio de un creciente disgusto popular
Sábháilte in:
| Formáid: | Téacs |
|---|---|
| Ábhair: | |
| Clibeanna: |
Cuir clib leis
Níl clibeanna ann, Bí ar an gcéad duine le clib a chur leis an taifead seo!
|
MARC
| LEADER | 00000 a a2200000 04500 | ||
|---|---|---|---|
| 001 | 1511 | ||
| 003 | |||
| 040 | |||
| 245 | |a Honduras camina a elecciones: |b en medio de un creciente disgusto popular | ||
| 650 | |a MUSICA | ||
| 650 | |a ARTE | ||
| 650 | |a CAMPESINADO | ||
| 650 | |a AMERICA LATINA | ||
| 773 | |g número 4; páginas 28-30 | ||
| 999 | |c 32955 |d 32955 | ||
